000 00599cam a22002291 4500
001 sa 66007966
003 DLC
005 20260227112309.0
008 890616s1962 ii d 000 0 hino
010 _asa 66007966
035 _a(OCoLC)19882122
040 _aDLC
_cWaU
_dDLC
041 0 _ahintam
042 _apremarc
050 0 0 _aPL4757
_b.H5 1962
245 0 0 _aHindī Tamila kośa.
260 _c[1962]
300 _a595 p.
_c19 cm.
500 _aTitle also in Tamil on cover.
650 0 _aHindi language
_xDictionaries
_xTamil.
710 2 _aDakshiṇa Bhārata Hindī Pracāra Sabhā.
999 _c71540
_d71540